Music and song

Gespeichert in:
Bibliographische Detailangaben
1. Verfasser: Murphey, Tim
Format: Buch
Sprache:Undetermined
Veröffentlicht: Oxford [England] Oxford University Press 1998
Schlagworte:
Tags: Tag hinzufügen
Keine Tags, Fügen Sie den ersten Tag hinzu!
Thư viện lưu trữ: Trung tâm Học liệu Trường Đại học Cần Thơ
LEADER 00597nam a2200217Ia 4500
001 CTU_123886
008 210402s9999 xx 000 0 und d
020 |c 86000 
082 |a 428.24 
082 |b M978 
100 |a Murphey, Tim 
245 0 |a Music and song 
245 0 |c Tim Murphey. 
260 |a Oxford [England] 
260 |b Oxford University Press 
260 |c 1998 
650 |a Music and language.,Music in education.,English language 
650 |x Study and teaching 
650 |y Foreign speakers. 
904 |i Minh 
980 |a Trung tâm Học liệu Trường Đại học Cần Thơ